[Event "Titled Tue 20th May Early"]
[Site "chess.com INT"]
[Date "2025.05.20"]
[Round "1"]
[White "Shoker, Samy"]
[Black "Aadit, Bhatia"]
[Result "0-1"]
[WhiteTitle "GM"]
[WhiteElo "2456"]
[BlackElo "2122"]
[WhiteFideId "627143"]
[BlackFideId "25088955"]
[EventDate "2025.05.20"]

1. Nf3 d5 2. c4 c6 3. g3 Nf6 4. Bg2 dxc4 5. Qc2 Be6 6. Ng5 Bd5 7. e4 h6 8. exd5
hxg5 9. dxc6 Nxc6 10. Qxc4 Rc8 11. O-O e6 12. d3 g4 13. Bg5 Be7 14. Nc3 O-O 15.
Rad1 Ne5 16. Qb5 Rc5 17. Qxb7 Nf3+ 18. Bxf3 Rxg5 19. Bg2 Bc5 20. Ne4 Nxe4 21.
dxe4 Qf6 22. Rd2 Rh5 23. b4 Bb6 24. Rfd1 Qh6 25. a4 Rxh2 26. a5 Rxg2+ 27. Kxg2
Qh3+ 28. Kg1 Qxg3+ 29. Kf1 Qh3+ 30. Ke1 Qh1+ 31. Ke2 Qf3+ 32. Ke1 g3 33. axb6 g2 0-1

[Event "Titled Tue 20th May Early"]
[Site "chess.com INT"]
[Date "2025.05.20"]
[Round "1"]
[White "Habiaga, Raul Adrian"]
[Black "Azadaliyev, Jahandar"]
[Result "0-1"]
[BlackTitle "FM"]
[WhiteElo "1965"]
[BlackElo "2290"]
[WhiteFideId "20027770"]
[BlackFideId "13425811"]
[EventDate "2025.05.20"]

1. c3 Nf6 2. d4 e6 3. Nf3 d5 4. Bf4 Bd6 5. Bxd6 Qxd6 6. e3 O-O 7. Be2 Nbd7 8.
Nbd2 e5 9. dxe5 Nxe5 10. Nxe5 Qxe5 11. Nf3 Qe7 12. O-O c6 13. c4 Bg4 14. cxd5
Nxd5 15. Nd4 Bxe2 16. Qxe2 Rad8 17. Qf3 Qe5 18. Rab1 Rfe8 19. h3 Rd6 20. b4 Rf6
21. Qg4 h5 22. Qh4 Rg6 23. b5 c5 24. Nf3 Qf5 25. Kh1 Nf6 26. Qc4 Re4 27. Qe2 Nd5
28. Rbc1 Nf4 29. Nh4 Nxe2 30. Nxf5 Nxc1 31. Rxc1 Rf6 32. Ng3 Re5 33. Rc2 g6 34.
Kg1 b6 35. Ne2 Rd5 36. Nf4 Rd1+ 37. Kh2 h4 38. Rc4 g5 39. Nh5 Rxf2 40. Rg4 Rff1
41. g3 Rf2# 0-1

[Event "Titled Tue 20th May Early"]
[Site "chess.com INT"]
[Date "2025.05.20"]
[Round "1"]
[White "Pulpan, Jakub"]
[Black "Nguyen, Thanh Nghia"]
[Result "1-0"]
[WhiteTitle "IM"]
[BlackTitle "CM"]
[WhiteElo "2405"]
[BlackElo "2124"]
[WhiteFideId "302759"]
[BlackFideId "12401870"]
[EventDate "2025.05.20"]

1. c4 e5 2. e3 Nf6 3. d4 exd4 4. exd4 Bb4+ 5. Bd2 Bxd2+ 6. Qxd2 d6 7. Bd3 O-O 8.
Ne2 Nbd7 9. O-O Re8 10. Nbc3 Nf8 11. Rfe1 Ng6 12. Nf4 Bd7 13. Rxe8+ Qxe8 14.
Bxg6 hxg6 15. Nfd5 Qd8 16. Nxf6+ gxf6 17. d5 Bf5 18. f3 g5 19. Re1 Kg7 20. h4
gxh4 21. Qf4 Bg6 22. Qxh4 Qd7 23. Qd4 a6 24. Kf2 Re8 25. Rh1 Qf5 26. Qd2 Qg5 27.
Qxg5 fxg5 28. Rc1 Bd3 29. b3 b5 30. cxb5 axb5 31. Rd1 Bc2 32. Rd2 Bf5 33. Nxb5
Bd7 34. Nxc7 Rc8 35. Rc2 Kg6 36. Ke3 f5 37. Kd2 f4 38. Ne6 Re8 39. a4 Rb8 40.
Nd4 Kf6 41. Rc7 Ke5 42. Kc3 Be8 43. Nc6+ Bxc6 44. dxc6 Kd5 45. b4 Re8 46. b5 Kc5
47. Rg7 Re3+ 48. Kd2 Ra3 49. c7 1-0

[Event "Titled Tue 20th May Early"]
[Site "chess.com INT"]
[Date "2025.05.20"]
[Round "1"]
[White "Khandhadia, Nivaan Rathin"]
[Black "Karvatskyi, Oleksii"]
[Result "0-1"]
[BlackTitle "CM"]
[WhiteElo "2112"]
[BlackElo "2248"]
[WhiteFideId "25753274"]
[BlackFideId "14191059"]
[EventDate "2025.05.20"]

1. d4 d5 2. c4 c6 3. Nc3 Nf6 4. Nf3 g6 5. e3 Bg7 6. Be2 O-O 7. O-O b6 8. b3 dxc4
9. bxc4 c5 10. Bb2 cxd4 11. exd4 Bb7 12. Rc1 Nbd7 13. Re1 Rc8 14. Bd3 Re8 15.
Ne4 Nxe4 16. Bxe4 Bxe4 17. Rxe4 Nc5 18. Re2 Ne6 19. Ba1 Nf4 20. Re4 Ne6 21. d5
Nc5 22. Re2 Bxa1 23. Rxa1 Qd6 24. Rc1 Rcd8 25. Ne5 f6 26. Nc6 Rd7 27. Qd2 e5 28.
Rce1 Rc8 29. Qc2 Kg7 30. h3 a6 31. a4 b5 32. axb5 axb5 33. cxb5 Qxd5 34. b6 Qxc6
35. Rb1 Nb7 36. Qxc6 Rxc6 37. Ra2 Rcd6 38. Ra7 Rd1+ 39. Rxd1 Rxd1+ 40. Kh2 Rd7
41. Ra6 Nd6 0-1

[Event "Titled Tue 20th May Early"]
[Site "chess.com INT"]
[Date "2025.05.20"]
[Round "1"]
[White "Shuvalova, Polina"]
[Black "Koridze, Lile"]
[Result "1-0"]
[WhiteTitle "IM"]
[BlackTitle "WFM"]
[WhiteElo "2494"]
[BlackElo "2110"]
[WhiteFideId "24171760"]
[BlackFideId "13612514"]
[EventDate "2025.05.20"]

1. g3 Nf6 2. Bg2 d5 3. Nf3 c5 4. O-O Nc6 5. d4 e6 6. c4 dxc4 7. Na3 cxd4 8. Nxc4
Bc5 9. a3 a5 10. Nfe5 Bd7 11. Bf4 O-O 12. Nd3 Bb6 13. b4 axb4 14. axb4 Bc7 15.
Rxa8 Qxa8 16. Bxc7 Qa6 17. Qa1 Qxc4 18. Rc1 Qb3 19. Bd6 Rd8 20. Rb1 Qc3 21. b5
Na5 22. Qa2 Nc4 23. Bb4 Nd2 24. Bxc3 Nxb1 25. Bxd4 Bxb5 26. Bxf6 gxf6 27. Qxb1 1-0

[Event "Titled Tue 20th May Early"]
[Site "chess.com INT"]
[Date "2025.05.20"]
[Round "1"]
[White "Dann, Matthias"]
[Black "Dyulgerov, Volen"]
[Result "1-0"]
[WhiteTitle "IM"]
[BlackTitle "CM"]
[WhiteElo "2446"]
[BlackElo "2200"]
[WhiteFideId "24638056"]
[BlackFideId "2918978"]
[EventDate "2025.05.20"]

1. e4 e5 2. Nf3 d5 3. Nxe5 Nf6 4. d4 Nxe4 5. Bd3 Bd6 6. c4 c5 7. cxd5 Nf6 8.
Bb5+ Kf8 9. O-O a6 10. Be2 cxd4 11. Qxd4 Nbd7 12. Bf4 Nxe5 13. Bxe5 Bxe5 14.
Qxe5 Qxd5 15. Qc3 h5 16. Rd1 Qe6 17. Rd8+ Ne8 18. Qb4+ Kg8 19. Nc3 Rh6 20. Bc4
Qf6 21. Rxe8+ Kh7 22. Bd3+ Bf5 23. Bxf5+ Qxf5 24. Rxa8 Rg6 25. Qe4 1-0

[Event "Titled Tue 20th May Early"]
[Site "chess.com INT"]
[Date "2025.05.20"]
[Round "1"]
[White "Navarro Lopez-Menchero, Daniel"]
[Black "Korchynskyi, Mykola"]
[Result "0-1"]
[WhiteTitle "FM"]
[BlackTitle "FM"]
[WhiteElo "2240"]
[BlackElo "2325"]
[WhiteFideId "2297370"]
[BlackFideId "34138005"]
[EventDate "2025.05.20"]

1. e4 e6 2. d4 d5 3. exd5 exd5 4. Nf3 Nf6 5. Bd3 Bd6 6. Qe2+ Be6 7. c4 dxc4 8.
Bxc4 O-O 9. Bxe6 fxe6 10. Qxe6+ Kh8 11. O-O Nc6 12. Nc3 Nh5 13. Bg5 Nf4 14. Bxf4
Rxf4 15. Rad1 Rxf3 16. gxf3 Qh4 17. h3 Qf4 18. Rfe1 Rf8 19. Qg4 Qh2+ 20. Kf1 h6
21. Ne4 Bb4 22. Re3 Ne7 23. Ng3 Nd5 24. Re4 Nf6 25. Qh4 Nxe4 26. Nxe4 Qh1+ 27.
Ke2 Qxf3+ 28. Kf1 Qxd1+ 0-1

[Event "Titled Tue 20th May Early"]
[Site "chess.com INT"]
[Date "2025.05.20"]
[Round "1"]
[White "Roberson, Peter T"]
[Black "Buraczewski, Rafal"]
[Result "1-0"]
[WhiteTitle "IM"]
[BlackTitle "CM"]
[WhiteElo "2440"]
[BlackElo "2135"]
[WhiteFideId "412384"]
[BlackFideId "1155245"]
[EventDate "2025.05.20"]

1. d4 g6 2. Nf3 Bg7 3. h4 h5 4. Bf4 c6 5. Nbd2 d6 6. e3 b5 7. Be2 Nd7 8. O-O
Ngf6 9. a4 b4 10. a5 Nd5 11. Bg3 O-O 12. e4 Nc7 13. Re1 Ba6 14. Bxa6 Nxa6 15. c3
c5 16. e5 bxc3 17. bxc3 cxd4 18. cxd4 dxe5 19. dxe5 Ndc5 20. Qe2 Nb4 21. Red1
Ne6 22. Nc4 Qc7 23. Rac1 Rac8 24. Kh2 Rfd8 25. Ne3 Qxa5 26. Rxc8 Rxc8 27. Rd7
Nc6 28. Nd5 Kf8 29. Qe4 Ke8 30. Rb7 Qa6 31. Qb1 Nc5 32. Nc7+ Rxc7 33. Rxc7 Ne6
34. Rb7 Ned8 35. Rb5 e6 36. Ng5 Qa3 37. Ne4 Kf8 38. f3 Qe7 39. Bf2 Bxe5+ 40.
Rxe5 Nxe5 41. Bc5 1-0

[Event "Titled Tue 20th May Early"]
[Site "chess.com INT"]
[Date "2025.05.20"]
[Round "1"]
[White "Leon Acevedo, Juan Alejandro"]
[Black "Kostov, Deyan Samuil"]
[Result "1-0"]
[WhiteTitle "CM"]
[BlackTitle "FM"]
[WhiteElo "2040"]
[BlackElo "2363"]
[WhiteFideId "4459261"]
[BlackFideId "30909015"]
[EventDate "2025.05.20"]

1. d4 d5 2. c4 dxc4 3. Nf3 a6 4. e3 Bg4 5. Bxc4 e6 6. O-O Nf6 7. h3 Bh5 8. Nc3
Nc6 9. Qe2 Bd6 10. Rd1 O-O 11. g4 Bg6 12. e4 Nd7 13. Bg5 Be7 14. Bf4 Qc8 15.
Rac1 h6 16. d5 exd5 17. exd5 Na5 18. Bd3 Bxd3 19. Qxd3 Nc5 20. Qe3 Re8 21. b4
Bg5 22. Qd4 Bf6 23. Be5 Nab3 24. axb3 Nxb3 25. Qf4 Nxc1 26. Rxc1 Bxe5 27. Nxe5
f6 28. Nd3 b6 29. Ne4 Qd7 30. Rxc7 Qxd5 31. Nxf6+ gxf6 32. Qxf6 1-0

[Event "Titled Tue 20th May Early"]
[Site "chess.com INT"]
[Date "2025.05.20"]
[Round "1"]
[White "Diachek, Andrii"]
[Black "Geivondian, Arman"]
[Result "0-1"]
[WhiteTitle "CM"]
[BlackTitle "FM"]
[WhiteElo "2226"]
[BlackElo "2297"]
[WhiteFideId "34106499"]
[BlackFideId "24102032"]
[EventDate "2025.05.20"]

1. c4 c6 2. d4 d5 3. Nc3 Nf6 4. e3 g6 5. Nf3 Bg7 6. Qb3 O-O 7. Be2 dxc4 8. Qxc4
b5 9. Qb3 Nbd7 10. O-O a6 11. Bd2 c5 12. Rfd1 Bb7 13. a4 b4 14. Na2 a5 15. Rac1
Rc8 16. Be1 Qb6 17. d5 Rfd8 18. Bc4 Ne4 19. Qc2 Nd6 20. b3 Nxc4 21. Qxc4 Ba6 22.
Qf4 Nf6 23. Ne5 Rf8 24. Nc4 Qd8 25. e4 Ne8 26. e5 Nc7 27. d6 Ne6 28. Qh4 exd6
29. Qxd8 Rfxd8 30. exd6 Bxc4 31. Rxc4 Nd4 32. Nc1 Rxd6 33. Kf1 Rdd8 34. f3 h5
35. Bh4 f6 36. Bf2 f5 37. Bh4 Rd5 38. Ne2 Re8 39. Nxd4 cxd4 40. Rd3 Re3 41. Rxe3
dxe3 42. Ke2 Rd2+ 43. Kxe3 Rxg2 44. Rc8+ Kh7 45. Rc7 Kh6 46. Bg3 g5 47. Rc6+ Kh7
48. Bc7 f4+ 49. Ke4 Rxh2 50. Bxa5 Re2+ 51. Kf5 Re5# 0-1

[Event "Titled Tue 20th May Early"]
[Site "chess.com INT"]
[Date "2025.05.20"]
[Round "1"]
[White "Matinian, Nikita"]
[Black "Kovalevsky, Stanislav"]
[Result "1-0"]
[WhiteTitle "GM"]
[BlackTitle "FM"]
[WhiteElo "2420"]
[BlackElo "2098"]
[WhiteFideId "24129100"]
[BlackFideId "13508598"]
[EventDate "2025.05.20"]

1. e4 e6 2. d4 d5 3. Nc3 dxe4 4. Nxe4 Nf6 5. Nxf6+ gxf6 6. Nf3 b6 7. Bb5+ c6 8.
Bd3 Bb7 9. Qe2 Rg8 10. g3 h5 11. Bf4 Bd6 12. O-O-O Bxf4+ 13. gxf4 Nd7 14. f5 Qe7
15. Rhe1 O-O-O 16. fxe6 fxe6 17. Qxe6 Qxe6 18. Rxe6 c5 19. Be4 Bxe4 20. Rxe4 Rg2
21. Re2 cxd4 22. Rxd4 Ne5 23. Rxd8+ Kxd8 24. Nxe5 fxe5 25. h4 Rh2 26. Rxe5 Rxh4
27. Kd2 Rh2 28. Ke3 Kd7 29. Rg5 Kc6 30. Rg6+ Kd5 31. a4 Rh4 32. a5 bxa5 33. Rg5+
Kc6 34. Rxa5 Kb6 35. Rg5 Rh1 36. b3 h4 37. Rh5 a5 38. Kf3 Rc1 39. Rxh4 Rxc2 40.
Kg2 Kb5 41. Rh8 Rb2 42. Rb8+ Kc5 43. Kg3 Kd6 44. Rb5 Kc6 45. Rxa5 Rxb3+ 46. Kg4
Kd6 47. f4 Ke6 48. Ra6+ Kf7 49. Kg5 Rb1 50. Ra7+ Kf8 51. f5 Rb2 52. Kg6 Ke8 53.
Ra8+ Ke7 54. f6+ Ke6 55. Re8+ Kd7 56. f7 Rg2+ 57. Kh5 Rh2+ 58. Kg4 1-0

[Event "Titled Tue 20th May Early"]
[Site "chess.com INT"]
[Date "2025.05.20"]
[Round "1"]
[White "Tari, Aryan"]
[Black "Oliinyk, Serafym"]
[Result "1-0"]
[WhiteTitle "GM"]
[BlackTitle "FM"]
[WhiteElo "2636"]
[BlackElo "2252"]
[WhiteFideId "1510045"]
[BlackFideId "14133237"]
[EventDate "2025.05.20"]

1. e4 c5 2. Nc3 a6 3. g3 b5 4. Bg2 Bb7 5. f4 Nf6 6. d3 d6 7. Nh3 Nc6 8. e5 b4 9.
exf6 bxc3 10. bxc3 gxf6 11. Rb1 Qc7 12. Qf3 Rc8 13. O-O Ba8 14. Qh5 Nd8 15. Bxa8
Rxa8 16. Re1 Rb8 17. Rxb8 Qxb8 18. Nf2 e6 19. f5 e5 20. Ne4 Be7 21. Qh6 c4 22.
Nxf6+ Bxf6 23. Qxf6 Rg8 24. d4 Nc6 25. Bf4 Qd8 26. dxe5 Qxf6 27. exf6+ Kd7 28.
Rd1 Kc7 29. Rxd6 Kb6 30. Rd7 Re8 31. Rxf7 Re2 32. Rb7+ Kxb7 33. f7 Rxc2 34. f8=Q
Rxc3 35. Qg7+ Kb6 36. Qxc3 1-0

[Event "Titled Tue 20th May Early"]
[Site "chess.com INT"]
[Date "2025.05.20"]
[Round "1"]
[White "Plat, Vojtech"]
[Black "Sava, Robert-Gabriel"]
[Result "1-0"]
[WhiteTitle "GM"]
[BlackTitle "CM"]
[WhiteElo "2482"]
[BlackElo "2155"]
[WhiteFideId "325740"]
[BlackFideId "1265725"]
[EventDate "2025.05.20"]

1. e4 e6 2. d4 d5 3. Nd2 c5 4. exd5 exd5 5. Ngf3 Nc6 6. Bb5 cxd4 7. O-O Bd6 8.
Nb3 Ne7 9. Nbxd4 O-O 10. c3 f6 11. h3 a6 12. Be2 Ne5 13. Re1 Bd7 14. Be3 Qc7 15.
Qb3 b5 16. Rad1 Nc4 17. Bc1 Kh8 18. Bf1 Ne5 19. Qc2 Rfc8 20. Qe2 Qc4 21. Nxe5
fxe5 22. Qh5 Qc7 23. Nf3 Be8 24. Qh4 Bg6 25. Ng5 Nf5 26. Qg4 d4 27. cxd4 exd4
28. Bd3 Qd7 29. Ne6 Bb4 30. Bxf5 Bxf5 31. Qxf5 Bxe1 32. Rxe1 Re8 33. Bf4 Rac8
34. Kh2 d3 35. Bd2 Rf8 36. Qe5 Rxf2 37. Bc3 Rf7 38. Ng5 Rf6 39. Qe4 Rg6 40. Nf3
Rf8 41. Ne5 Qc7 42. Qxd3 Re6 43. Qg3 Rfe8 44. Ng6+ hxg6 45. Qxc7 Rxe1 46. Qxg7# 1-0

[Event "Titled Tue 20th May Early"]
[Site "chess.com INT"]
[Date "2025.05.20"]
[Round "1"]
[White "Danzer, George"]
[Black "Ugorek, Kacper"]
[Result "0-1"]
[WhiteTitle "CM"]
[BlackTitle "CM"]
[WhiteElo "2172"]
[BlackElo "2262"]
[WhiteFideId "4659465"]
[BlackFideId "21890676"]
[EventDate "2025.05.20"]

1. e4 Nf6 2. e5 Nd5 3. c4 Nb6 4. d4 d6 5. exd6 exd6 6. Nc3 Be7 7. Bd3 O-O 8.
Nge2 Nc6 9. O-O Bf6 10. Be3 Re8 11. Rc1 Bg4 12. Qd2 d5 13. c5 Nc4 14. Bxc4 dxc4
15. h3 Bf5 16. Rfd1 Bd3 17. Nf4 Nxd4 18. Nxd3 cxd3 19. Qxd3 Ne6 20. Qb5 Qc8 21.
Ne4 Be7 22. c6 b6 23. Rd7 a6 24. Qf5 Nf8 25. Rcd1 Rd8 26. Qd5 Nxd7 27. cxd7 Qb8
28. Bf4 Qa7 29. Qc6 Bd6 30. Bxd6 cxd6 31. Nxd6 Qxd7 0-1

[Event "Titled Tue 20th May Early"]
[Site "chess.com INT"]
[Date "2025.05.20"]
[Round "1"]
[White "Mesquita, Eduardo Barbosa"]
[Black "Cunha, Lucas Aguiar"]
[Result "0-1"]
[BlackTitle "FM"]
[WhiteElo "2014"]
[BlackElo "2254"]
[WhiteFideId "22757163"]
[BlackFideId "2125404"]
[EventDate "2025.05.20"]

1. e4 c5 2. Nf3 Nc6 3. Nc3 Nf6 4. d4 cxd4 5. Nxd4 d6 6. Bc4 Na5 7. Bd3 g6 8. O-O
Bg7 9. Be3 O-O 10. f3 Nd7 11. Qd2 Ne5 12. b3 Re8 13. Bh6 Qb6 14. Ne2 Bxh6 15.
Qxh6 Nec6 16. c3 e5 17. b4 Nxb4 18. cxb4 Nc6 19. Kh1 Nxd4 20. Nxd4 Qxd4 21. Rfd1
Qxb4 22. Rab1 Qc5 23. Rb5 Qc7 24. Rc1 Qe7 25. Rb2 Be6 26. Rcb1 b6 27. Rc2 Rec8
28. Rbc1 Rxc2 29. Rxc2 Rc8 30. Qc1 Rxc2 31. Qxc2 Qd7 32. h3 d5 33. exd5 Qxd5 34.
Be4 Qxa2 35. Qc7 Qa1+ 36. Kh2 Qd4 37. Qb8+ Kg7 38. Qxa7 b5 39. Qb8 b4 40. h4 h5
41. Kg3 b3 42. Kh2 b2 43. Kg3 Qd2 44. Kh2 Qf4+ 45. g3 Qd2+ 0-1

[Event "Titled Tue 20th May Early"]
[Site "chess.com INT"]
[Date "2025.05.20"]
[Round "1"]
[White "Neustroev, Victor"]
[Black "Barseghyan, Armen Ar."]
[Result "0-1"]
[WhiteTitle "FM"]
[BlackTitle "IM"]
[WhiteElo "2283"]
[BlackElo "2348"]
[WhiteFideId "4144147"]
[BlackFideId "13306707"]
[EventDate "2025.05.20"]

1. e4 c5 2. Nf3 Nc6 3. d4 cxd4 4. Nxd4 g6 5. Nc3 Bg7 6. Be3 Nf6 7. Bc4 O-O 8.
Bb3 d6 9. f3 Bd7 10. Qd2 Qa5 11. O-O-O Ne5 12. Kb1 Rfc8 13. h4 b5 14. h5 Nxh5
15. g4 Nf6 16. Qh2 Rxc3 17. bxc3 Qxc3 18. Qd2 Qc7 19. Qh2 Nc4 20. Bc1 a5 21. a3
a4 22. Ba2 Rb8 23. c3 Ne5 24. Bb2 Qc5 25. Nc2 Nxf3 26. Qf4 Bxg4 27. Rdf1 Ne5 28.
Nb4 Be2 29. Rf2 Bc4 30. Rfh2 h5 0-1

[Event "Titled Tue 20th May Early"]
[Site "chess.com INT"]
[Date "2025.05.20"]
[Round "1"]
[White "Tabatabaei, M. Amin"]
[Black "Garrido, Denis"]
[Result "1-0"]
[WhiteTitle "GM"]
[BlackTitle "FM"]
[WhiteElo "2670"]
[BlackElo "2230"]
[WhiteFideId "12521213"]
[BlackFideId "601217"]
[EventDate "2025.05.20"]

1. Nf3 Nf6 2. b3 d5 3. Bb2 e6 4. e3 c5 5. d4 Nc6 6. Nbd2 b6 7. a3 Bb7 8. Bd3 Bd6
9. Ne5 O-O 10. O-O Rc8 11. f4 Ne7 12. Qf3 Nf5 13. g4 Nh4 14. Qf2 Ne4 15. Bxe4
dxe4 16. c4 Qe7 17. Rad1 Rfd8 18. b4 cxb4 19. axb4 Bxb4 20. f5 Bxd2 21. Rxd2
exf5 22. gxf5 Nf3+ 23. Nxf3 exf3 24. d5 Rxc4 25. f6 Rg4+ 26. Kh1 Qe4 27. Rd4 Qf5
28. Rxg4 Qxg4 29. Rg1 Rxd5 30. Rxg4 Rd1+ 31. Rg1 Rd2 32. Rxg7+ Kh8 33. Kg1 Rd1+
34. Qf1 f2+ 35. Kxf2 Rd2+ 36. Qe2 1-0

[Event "Titled Tue 20th May Early"]
[Site "chess.com INT"]
[Date "2025.05.20"]
[Round "1"]
[White "Skliarov, Viktor"]
[Black "Chiappero, Julio Alfredo"]
[Result "1-0"]
[WhiteTitle "IM"]
[BlackTitle "FM"]
[WhiteElo "2334"]
[BlackElo "2238"]
[WhiteFideId "14106736"]
[BlackFideId "139998"]
[EventDate "2025.05.20"]

1. e4 c5 2. Nf3 e6 3. d4 cxd4 4. Nxd4 Nc6 5. Nc3 Qc7 6. Be2 a6 7. O-O Nf6 8. Be3
Be7 9. Kh1 d6 10. f4 O-O 11. Qe1 Nxd4 12. Bxd4 b5 13. Qg3 b4 14. Nd1 Bb7 15. Bd3
Rad8 16. Ne3 g6 17. Ng4 Nxg4 18. Qxg4 e5 19. fxe5 dxe5 20. Be3 Bc8 21. Qg3 Rfe8
22. Bh6 Bf8 23. Bxf8 Rxf8 24. Rf6 a5 25. Raf1 Be6 26. b3 Rfe8 27. Qg5 Re7 28.
Qh6 a4 29. h4 Bg4 30. Bc4 Rf8 31. Qg5 Qd7 32. Bd5 h5 33. Rxg6+ 1-0

[Event "Titled Tue 20th May Early"]
[Site "chess.com INT"]
[Date "2025.05.20"]
[Round "1"]
[White "Jake Shanty"]
[Black "Zhauynbay, Alimzhan"]
[Result "1-0"]
[WhiteTitle "FM"]
[BlackTitle "CM"]
[WhiteElo "2252"]
[BlackElo "2077"]
[WhiteFideId "33478066"]
[BlackFideId "13782657"]
[EventDate "2025.05.20"]

1. Nf3 Nf6 2. e3 g6 3. b3 Bg7 4. Bb2 O-O 5. c4 d6 6. d4 Nbd7 7. Be2 e5 8. dxe5
Ng4 9. O-O Ngxe5 10. Nxe5 Nxe5 11. Nc3 Re8 12. Qd2 Bf5 13. Rad1 a6 14. Rfe1 Qd7
15. Nd5 Be6 16. Nf4 Rad8 17. Nxe6 Qxe6 18. Qc2 c6 19. h3 d5 20. cxd5 Rxd5 21.
Rxd5 Qxd5 22. Rd1 Qe6 23. Qd2 h5 24. Bc3 Qf5 25. Qb2 Qf6 26. Rc1 Qe6 27. Rd1 Bf8
28. Qc2 Nd7 29. Bc4 Qe7 30. Qxg6+ Bg7 31. Qxg7# 1-0

[Event "Titled Tue 20th May Early"]
[Site "chess.com INT"]
[Date "2025.05.20"]
[Round "1"]
[White "Punin, Andrii"]
[Black "Yushko, Olga"]
[Result "1-0"]
[WhiteTitle "FM"]
[BlackTitle "WFM"]
[WhiteElo "2289"]
[BlackElo "2036"]
[WhiteFideId "14112639"]
[BlackFideId "14114500"]
[EventDate "2025.05.20"]

1. e4 d6 2. Be2 g6 3. f4 Bg7 4. Nf3 Nf6 5. d3 O-O 6. O-O c6 7. c3 Qc7 8. Kh1
Nbd7 9. Be3 e5 10. f5 Nb6 11. Nh4 d5 12. Nd2 Qe7 13. Qe1 Bd7 14. a4 Rad8 15. a5
Nc8 16. b4 dxe4 17. Bc5 Nd6 18. Nc4 Nfe8 19. dxe4 Bf6 20. Nf3 gxf5 21. Rd1 Be6
22. Nfxe5 Bxe5 23. Nxe5 Bb3 24. Qg3+ Kh8 25. Rxd6 Nxd6 26. exf5 Qf6 27. Bd4 Nxf5
28. Nxf7+ Rxf7 29. Bxf6+ Rxf6 30. Qe5 1-0

[Event "Titled Tue 20th May Early"]
[Site "chess.com INT"]
[Date "2025.05.20"]
[Round "1"]
[White "Grot, Blazej"]
[Black "Klevansky, Aron"]
[Result "1/2-1/2"]
[WhiteTitle "CM"]
[BlackTitle "CM"]
[WhiteElo "2217"]
[BlackElo "1930"]
[WhiteFideId "21835845"]
[BlackFideId "14313332"]
[EventDate "2025.05.20"]

1. Nf3 Nf6 2. d4 d5 3. Bf4 g6 4. Nc3 Bg7 5. Qd2 O-O 6. Bh6 c5 7. Bxg7 Kxg7 8.
dxc5 e6 9. e3 Qa5 10. Nb5 Qd8 11. Bd3 Nbd7 12. b4 a5 13. c3 e5 14. Bc2 e4 15.
Nfd4 Ne5 16. h3 b6 17. c6 Ba6 18. c7 Qd7 19. a4 axb4 20. cxb4 Rfc8 21. O-O Bxb5
22. Nxb5 Nf3+ 23. gxf3 Qxh3 24. fxe4 Qg4+ 25. Kh2 Qh4+ 26. Kg2 Qg4+ 27. Kh2 Qh4+
28. Kg1 Qg4+ 29. Kh1 Qf3+ 30. Kh2 Qh5+ 31. Kg2 Qg4+ 32. Kh1 Qh3+ 33. Kg1 Qg4+ 1/2-1/2

[Event "Titled Tue 20th May Early"]
[Site "chess.com INT"]
[Date "2025.05.20"]
[Round "1"]
[White "Rushbrooke, Remy"]
[Black "Iljin, Timofey"]
[Result "0-1"]
[BlackTitle "IM"]
[WhiteElo "2090"]
[BlackElo "2242"]
[WhiteFideId "443590"]
[BlackFideId "14110180"]
[EventDate "2025.05.20"]

1. Nf3 Nf6 2. g3 g6 3. Bg2 Bg7 4. d4 d6 5. c4 O-O 6. Nc3 Nbd7 7. O-O e5 8. dxe5
dxe5 9. h3 Re8 10. Be3 c6 11. Qc2 Qc7 12. Rfd1 Nf8 13. Ng5 h6 14. Nge4 Nxe4 15.
Nxe4 Bf5 16. g4 Bxe4 17. Bxe4 Ne6 18. c5 Nf4 19. Bxf4 exf4 20. Rd6 Qe7 21. f3
Qh4 22. Rad1 Qg3+ 23. Kf1 Qxh3+ 24. Ke1 Qh4+ 25. Kd2 Qg5 26. Kc1 Qe5 27. Rd7 b6
28. Qb3 Re7 29. Rxe7 Qxe7 30. Bxc6 Qxc5+ 31. Qc2 Qxc2+ 32. Kxc2 Rc8 33. Rd6 Be5 0-1

[Event "Titled Tue 20th May Early"]
[Site "chess.com INT"]
[Date "2025.05.20"]
[Round "1"]
[White "Mika, Tomasz"]
[Black "Xiong, Jeffery"]
[Result "0-1"]
[WhiteTitle "CM"]
[BlackTitle "GM"]
[WhiteElo "2227"]
[BlackElo "2636"]
[WhiteFideId "1132970"]
[BlackFideId "2047640"]
[EventDate "2025.05.20"]

1. e4 c5 2. Nf3 d6 3. d4 cxd4 4. Nxd4 Nf6 5. Nc3 a6 6. Be2 e5 7. Nb3 Be7 8. O-O
O-O 9. f4 b5 10. fxe5 dxe5 11. Qxd8 Rxd8 12. Bf3 Be6 13. Bg5 Nbd7 14. Rfd1 Rac8
15. Rac1 b4 16. Ne2 h6 17. Be3 Ng4 18. Bxg4 Bxg4 19. Rd2 Nf6 20. Rxd8+ Rxd8 21.
Ng3 Rc8 22. h3 Be6 23. Kf2 h5 24. Kf3 g6 25. Ne2 Bd7 26. Na5 Bd8 27. Nb7 Be7 28.
Na5 Bb5 29. c4 Be8 30. c5 Bd8 31. Nc4 Bc6 32. Nd6 Rb8 33. Bg5 Nxe4 34. Nxe4 Bxg5
35. Rd1 f5 36. Ng3 fxe4+ 37. Nxe4 Rf8+ 38. Ke2 Bxe4 0-1

[Event "Titled Tue 20th May Early"]
[Site "chess.com INT"]
[Date "2025.05.20"]
[Round "1"]
[White "Popovic, Dobrivoj"]
[Black "Stalmach, Richard"]
[Result "0-1"]
[WhiteTitle "CM"]
[BlackTitle "IM"]
[WhiteElo "1945"]
[BlackElo "2444"]
[WhiteFideId "907103"]
[BlackFideId "372048"]
[EventDate "2025.05.20"]

1. e4 c5 2. Nf3 e6 3. d4 cxd4 4. Nxd4 a6 5. Bd3 Bc5 6. Nb3 Ba7 7. Qe2 Ne7 8. Be3
Nbc6 9. Bxa7 Rxa7 10. O-O O-O 11. Nc3 b5 12. f4 b4 13. Nd1 d5 14. e5 a5 15. a4
Ba6 16. Bxa6 Qb6+ 17. Kh1 Qxa6 18. Qxa6 Rxa6 19. Ne3 Rc8 20. Rae1 g6 21. Re2 Nb8
22. Nd4 Nd7 23. Nb5 Nc5 24. Nd6 Rc7 25. b3 Nf5 26. Nexf5 gxf5 27. h3 Ne4 28. Kh2
Nxd6 29. exd6 Rxd6 30. Rf3 Rdc6 31. Rff2 Rc3 32. g3 Kf8 33. Kg2 Ke7 34. Rd2 Kd6
35. Rfe2 f6 36. Kf2 e5 37. h4 Rg7 38. Re3 Rxe3 39. Kxe3 Rxg3+ 40. Kf2 Rg4 41.
fxe5+ fxe5 42. Kf3 e4+ 43. Ke3 Rxh4 44. Rg2 Ke5 45. Rg8 d4+ 46. Kf2 Rh2+ 47. Ke1
e3 48. c3 bxc3 49. b4 axb4 50. a5 d3 51. Re8+ Kf4 52. a6 Rh1# 0-1